De la educación socioemocional a la educación en valores
Na minha lista:
| Autor Corporativo: | |
|---|---|
| Formato: | Livro |
| Idioma: | espanhol |
| Publicado em: |
Madrid
Secretaria General Técnica
2008
|
| Colecção: | Conocimiento Educativo
|
| Assuntos: | |
| Tags: |
Adicionar Tag
Sem tags, seja o primeiro a adicionar uma tag!
|
MARC
| LEADER | 00000nam a2200000 a 4500 | ||
|---|---|---|---|
| 001 | UCH9553 | ||
| 003 | CL-VaPUC | ||
| 008 | 100114e20080000SP |||||||||||||||||spa|d | ||
| 020 | |a 9788436945324 | ||
| 082 | 0 | 4 | |a 370.115 |b MIN |2 21 |
| 110 | 2 | |a Ministerio de Educación y Ciencia |e author |9 546709 | |
| 245 | 1 | 0 | |a De la educación socioemocional a la educación en valores |
| 300 | |a 279 p | ||
| 942 | |c BK | ||
| 945 | |d 20100114 00:00:00 |a rbrito | ||
| 260 | |a Madrid |b Secretaria General Técnica |c 2008 | ||
| 650 | 0 | |a Educación moral |9 308319 | |
| 650 | 0 | |a Valores morales |9 310604 | |
| 583 | |a last modification |c 20170828 11:29:40 |k Rodrigo Vera | ||
| 490 | 0 | |a Conocimiento Educativo | |
| 999 | |c 339479 |d 339477 | ||
| 952 | |0 0 |1 0 |4 0 |6 370_115000000000000_MIN_2008 |7 0 |8 A |9 433147 |a BIBEDU |b BIBEDU |d 2019-11-22 |i 4633687 |o 370.115 MIN 2008 |p 4633687 |r 2019-11-22 |w 2019-11-22 |y BK |k EPE | ||